[Event "ch-Hessen_M"]
[Site "Marburg"]
[Date "2017.05.26"]
[Round "5"]
[White "Alber, Horst"]
[Black "Bethke, Richard"]
[Result "1-0"]
[WhiteElo "2297"]
[BlackElo "2223"]
[PlyCount "41"]
[EventDate "2017.05.24"]
[EventType "swiss"]
[EventCountry "GER"]

1. d4 Nf6 2. c4 e6 3. Nf3 d5 4. e3 b6 5. Nc3 Be7 6. b3 Bb7 7. Bd3 O-O 8. O-O
Nbd7 9. Bb2 Rc8 10. Qe2 c5 11. Rad1 cxd4 12. exd4 Qc7 13. Ne5 dxc4 14. Bxc4 Bb4
15. Nb5 Qb8 16. a3 Be7 17. d5 a6 18. Nxd7 Nxd7 19. dxe6 axb5 20. exd7 Rcd8 21.
Qg4 1-0

[Event "ch-Hessen_M"]
[Site "Marburg"]
[Date "2017.05.26"]
[Round "5"]
[White "Brendel, Oliver"]
[Black "Kersten, Uwe"]
[Result "1/2-1/2"]
[WhiteElo "2322"]
[BlackElo "2269"]
[PlyCount "104"]
[EventDate "2017.05.24"]
[EventType "swiss"]
[EventCountry "GER"]

1. c4 e5 2. g3 Nf6 3. Bg2 h6 4. Nc3 Bb4 5. Nf3 Bxc3 6. bxc3 e4 7. Nd4 O-O 8.
O-O Re8 9. f3 c5 10. Nc2 exf3 11. Bxf3 Nc6 12. d3 d6 13. Ne3 Bh3 14. Re1 Qd7
15. Nd5 Nxd5 16. Bxd5 Be6 17. Bg2 d5 18. cxd5 Bxd5 19. e4 Be6 20. Be3 Rad8 21.
Bxc5 b6 22. Be3 Qxd3 23. Bd4 Qxd1 24. Rexd1 Re7 25. Kf2 Bg4 26. Rd2 Red7 27.
Ke3 Na5 28. Rf2 Re7 29. Kf4 Bc8 30. h4 f6 31. g4 Bb7 32. g5 fxg5+ 33. hxg5 Rf8+
34. Kg3 Rxf2 35. Kxf2 hxg5 36. Ke3 Nc4+ 37. Kd3 Nb2+ 38. Ke2 Nc4 39. Kd3 Ba6
40. Kc2 Ne5 41. a4 Be2 42. a5 b5 43. Kd2 Bc4 44. Bxe5 Rxe5 45. Ke3 Re6 46. Rd1
Ra6 47. Rd8+ Kf7 48. Rd7+ Kf8 49. Bh3 Rxa5 50. Rd8+ Ke7 51. Rd7+ Kf8 52. Rd8+
Ke7 1/2-1/2

[Event "ch-Hessen_M"]
[Site "Marburg"]
[Date "2017.05.26"]
[Round "5"]
[White "Dunsbach, Ralf"]
[Black "Nothnagel, Marian Can"]
[Result "1-0"]
[WhiteElo "2189"]
[BlackElo "2112"]
[PlyCount "83"]
[EventDate "2017.05.24"]
[EventType "swiss"]
[EventCountry "GER"]

1. c4 Nf6 2. g3 g6 3. Bg2 Bg7 4. Nc3 O-O 5. e4 d6 6. Nge2 e5 7. O-O Nc6 8. d3
Be6 9. Nd5 Ne8 10. Be3 Qd7 11. Qd2 Nd8 12. f4 c6 13. f5 cxd5 14. fxe6 Nxe6 15.
exd5 N6c7 16. Rac1 f5 17. Nc3 Nf6 18. Bf3 Nh5 19. Qg2 b6 20. Bxh5 gxh5 21. Qh3
Qf7 22. Rf3 Qg6 23. Rcf1 f4 24. Bd2 Rae8 25. Ne4 Na6 26. b4 b5 27. c5 Nc7 28.
Nxd6 Rd8 29. Kh1 Nxd5 30. gxf4 Nxf4 31. Bxf4 exf4 32. Rxf4 Rxf4 33. Rxf4 h6 34.
Rf1 Rxd6 35. cxd6 Qxd6 36. Qc8+ Kh7 37. Qf5+ Kh8 38. Rc1 Bf6 39. Qe4 Bg5 40.
Rc8+ Kg7 41. Rc6 Qd8 42. Rg6+ 1-0

[Event "ch-Hessen_M"]
[Site "Marburg"]
[Date "2017.05.26"]
[Round "5"]
[White "Krastev, Alexander"]
[Black "Spitzl, Vinzent"]
[Result "0-1"]
[WhiteElo "2180"]
[BlackElo "2245"]
[PlyCount "88"]
[EventDate "2017.05.24"]
[EventType "swiss"]
[EventCountry "GER"]

1. e4 c5 2. Nc3 a6 3. Nf3 d6 4. d4 cxd4 5. Nxd4 Nf6 6. g3 e5 7. Nde2 Nbd7 8.
Bg2 b5 9. Nd5 Nxd5 10. Qxd5 Nb6 11. Qd3 Be6 12. Nc3 Be7 13. a4 Bc4 14. Qd1 Nxa4
15. Nxa4 bxa4 16. Rxa4 Bb5 17. Ra1 Qc7 18. b3 O-O 19. c4 Bc6 20. O-O Qb7 21.
Re1 f5 22. Qc2 Rf7 23. Bh3 Bxe4 24. Rxe4 Qxe4 25. Qxe4 fxe4 26. Be6 Kf8 27. Bd5
Rb8 28. Rxa6 Rf3 29. Be3 g6 30. Bxe4 Rxe3 31. fxe3 Rxb3 32. Bd5 Rxe3 33. Ra8+
Kg7 34. Rg8+ Kh6 35. Re8 Bg5 36. Re6 Re2 37. Rxd6 Be3+ 38. Kh1 Kg5 39. Rd7 Kg4
40. Be6+ Kf3 41. Rf7+ Bf4 42. Bg4+ Kxg4 43. gxf4 exf4 44. Rxh7 Kf3 0-1

[Event "ch-Hessen_M"]
[Site "Marburg"]
[Date "2017.05.26"]
[Round "5"]
[White "Zude, Arno"]
[Black "Chandler, Patrick"]
[Result "1-0"]
[WhiteElo "2394"]
[BlackElo "2190"]
[PlyCount "53"]
[EventDate "2017.05.24"]
[EventType "swiss"]
[EventCountry "GER"]

1. e4 c5 2. Nf3 e6 3. d4 cxd4 4. Nxd4 a6 5. Bd3 Qc7 6. O-O Bc5 7. Nb3 Ba7 8.
Qg4 Kf8 9. Nc3 Nf6 10. Qh4 d6 11. Kh1 Nbd7 12. f4 b5 13. Bd2 Bb7 14. Rae1 b4
15. Nd1 a5 16. e5 Ne8 17. f5 Nxe5 18. fxe6 f6 19. Ne3 Nxd3 20. cxd3 Kg8 21. Nf5
h5 22. Rc1 Qd8 23. Qc4 d5 24. Qb5 Bc8 25. Qc6 Rb8 26. Bf4 Bb7 27. Qd7 1-0

[Event "ch-Hessen_M"]
[Site "Marburg"]
[Date "2017.05.26"]
[Round "5"]
[White "Zude, Erik"]
[Black "Dorst, Johannes"]
[Result "1-0"]
[WhiteElo "2407"]
[BlackElo "2198"]
[PlyCount "137"]
[EventDate "2017.05.24"]
[EventType "swiss"]
[EventCountry "GER"]

1. c4 e5 2. Nc3 Nc6 3. g3 Bc5 4. Nf3 d6 5. Bg2 a6 6. e3 Ba7 7. d4 Bg4 8. h3 Bh5
9. dxe5 dxe5 10. Qa4 f6 11. O-O Nge7 12. b4 O-O 13. Qb3 Bf7 14. Rd1 Qc8 15. a4
Re8 16. Ba3 h6 17. Nd5 Nxd5 18. cxd5 e4 19. Nd2 f5 20. Nc4 Ne5 21. Nxe5 Rxe5
22. Bb2 Re7 23. Rac1 Qf8 24. b5 Rd7 25. bxa6 bxa6 26. Bf1 Bc5 27. Qc3 Bd6 28.
Qc6 Rdd8 29. Be2 Be8 30. Qc2 a5 31. Bc3 Bd7 32. Kg2 Qe8 33. Ra1 Rdb8 34. Rd4
Qc8 35. Kh2 Qb7 36. Qd2 Qb6 37. Rc4 Re8 38. Qc2 Qb7 39. Qd1 Qa7 40. Bd4 Qb7 41.
Rac1 Kh7 42. Bc3 Qa7 43. Qd2 Rf8 44. Kg2 Rfe8 45. Bd4 Qb7 46. Ba1 Qc8 47. Kh2
Qd8 48. Bd4 Qg5 49. Rxc7 Bxc7 50. Rxc7 Qd8 51. d6 Re6 52. Bc3 Qe8 53. Qd5 Rd8
54. Bb5 Rg6 55. Rxd7 Rxd7 56. Qxf5 Qf7 57. Bxd7 Kg8 58. Qxf7+ Kxf7 59. Bb5 Rxd6
60. Bxa5 Ke6 61. Bc3 g5 62. Bd4 Kd5 63. a5 Rd8 64. a6 h5 65. a7 h4 66. Kg2 Rf8
67. Be2 hxg3 68. Kxg3 Kc6 69. f3 1-0

[Event "ch-Hessen_M"]
[Site "Marburg"]
[Date "2017.05.26"]
[Round "6"]
[White "Bethke, Richard"]
[Black "Krastev, Alexander"]
[Result "1/2-1/2"]
[WhiteElo "2223"]
[BlackElo "2180"]
[PlyCount "60"]
[EventDate "2017.05.24"]
[EventType "swiss"]
[EventCountry "GER"]

1. e4 e5 2. Nf3 Nc6 3. Bc4 Nf6 4. d3 Be7 5. O-O O-O 6. Re1 d6 7. a4 Kh8 8. a5
a6 9. c3 Ng8 10. Bb3 f5 11. Nbd2 f4 12. d4 Bg4 13. h3 Bh5 14. Qc2 Bf6 15. Qd3
Qe7 16. Bd5 Nh6 17. Qc4 Qe8 18. b4 Nf7 19. b5 axb5 20. Qxb5 Ncd8 21. Qxe8 Rxe8
22. g4 fxg3 23. fxg3 exd4 24. cxd4 c6 25. Bb3 Ng5 26. g4 Nxh3+ 27. Kh2 Bxg4 28.
Kg3 Bc8 29. Nc4 Ne6 30. Nxd6 Nxd4 1/2-1/2

[Event "ch-Hessen_M"]
[Site "Marburg"]
[Date "2017.05.26"]
[Round "6"]
[White "Dorst, Johannes"]
[Black "Chandler, Patrick"]
[Result "1-0"]
[WhiteElo "2198"]
[BlackElo "2190"]
[PlyCount "75"]
[EventDate "2017.05.24"]
[EventType "swiss"]
[EventCountry "GER"]

1. e4 e6 2. d4 b6 3. Nc3 Bb7 4. Be3 Bb4 5. f3 Nf6 6. a3 Bxc3+ 7. bxc3 d6 8.
Bb5+ Bc6 9. Bd3 Nbd7 10. Ne2 O-O 11. O-O Ne8 12. Qe1 g6 13. Qg3 Ng7 14. Bg5 f6
15. Bd2 Bb7 16. Qh3 f5 17. Bh6 d5 18. exf5 exf5 19. Nf4 Qf6 20. Qg3 Rf7 21.
Rfe1 Qc6 22. Bxg7 Kxg7 23. Ne6+ Kh8 24. Qxc7 Rc8 25. Qxc6 Bxc6 26. Ng5 Rg7 27.
Ba6 Rcg8 28. c4 Nb8 29. cxd5 Bxd5 30. Bb5 h6 31. Ne6 Re7 32. Nf4 Rxe1+ 33. Rxe1
Ba2 34. Re7 a6 35. Be8 Rg7 36. Nxg6+ Kg8 37. Re5 Nd7 38. Ne7+ 1-0

[Event "ch-Hessen_M"]
[Site "Marburg"]
[Date "2017.05.26"]
[Round "6"]
[White "Dunsbach, Ralf"]
[Black "Zude, Arno"]
[Result "0-1"]
[WhiteElo "2189"]
[BlackElo "2394"]
[PlyCount "96"]
[EventDate "2017.05.24"]
[EventType "swiss"]
[EventCountry "GER"]

1. c4 e5 2. g3 c6 3. Bg2 d5 4. cxd5 cxd5 5. Nf3 Nc6 6. d4 Bb4+ 7. Nc3 e4 8. Ne5
Nge7 9. O-O O-O 10. Nxc6 Nxc6 11. Bd2 Be6 12. e3 Qd7 13. Qb3 Be7 14. f3 exf3
15. Bxf3 Rfd8 16. Rac1 Na5 17. Qd1 Nc4 18. b3 Nxd2 19. Qxd2 Ba3 20. Rcd1 Bb4
21. Qb2 Rac8 22. Nb1 Bf5 23. Rc1 Bd3 24. Rxc8 Rxc8 25. Rc1 Rxc1+ 26. Qxc1 Qf5
27. a3 Bd6 28. Nd2 g6 29. Qc3 Bb5 30. b4 Bc6 31. Kg2 h5 32. Qb3 a6 33. a4 b5
34. axb5 axb5 35. Nf1 h4 36. gxh4 Be7 37. Ng3 Qe6 38. Ne2 Qf6 39. Nf4 Qxh4 40.
Bxd5 Qg4+ 41. Kf1 Bxd5 42. Qxd5 Bxb4 43. Qxb5 Qf3+ 44. Kg1 Qxe3+ 45. Kg2 Qe4+
46. Kg3 Bd6 47. Qg5 Qxd4 48. h4 Qe3+ 0-1

[Event "ch-Hessen_M"]
[Site "Marburg"]
[Date "2017.05.26"]
[Round "6"]
[White "Kersten, Uwe"]
[Black "Zude, Erik"]
[Result "0-1"]
[WhiteElo "2269"]
[BlackElo "2407"]
[PlyCount "70"]
[EventDate "2017.05.24"]
[EventType "swiss"]
[EventCountry "GER"]

1. d4 Nf6 2. Bf4 g6 3. Nc3 d5 4. e3 a6 5. h3 c5 6. Nf3 Nc6 7. Be2 Bg7 8. O-O
O-O 9. dxc5 Qa5 10. Ne5 Qxc5 11. Na4 Qa5 12. c4 Nxe5 13. Bxe5 dxc4 14. Bd4 b5
15. Bf3 Rb8 16. Be5 bxa4 17. Bxb8 Nd7 18. Bf4 Bxb2 19. Qe2 c3 20. Rad1 Kg7 21.
e4 a3 22. Rd5 Qa4 23. Qe3 Re8 24. Rxd7 Bxd7 25. Be5+ Kg8 26. Bxc3 Be6 27. Qd2
Rb8 28. Rd1 Bxa2 29. Qd8+ Qe8 30. Qa5 Be6 31. Bg4 Bb3 32. Rb1 Rb5 33. Qc7 Qb8
34. Qxb8+ Rxb8 35. Bxb2 Bc2 0-1

[Event "ch-Hessen_M"]
[Site "Marburg"]
[Date "2017.05.26"]
[Round "6"]
[White "Nothnagel, Marian Can"]
[Black "Alber, Horst"]
[Result "1/2-1/2"]
[WhiteElo "2112"]
[BlackElo "2297"]
[PlyCount "71"]
[EventDate "2017.05.24"]
[EventType "swiss"]
[EventCountry "GER"]

1. e4 g6 2. d4 Bg7 3. Nf3 d6 4. Bc4 Nf6 5. Qe2 O-O 6. O-O Bg4 7. Bb3 Nc6 8. c3
e5 9. d5 Ne7 10. Nbd2 Nh5 11. h3 Bd7 12. Nc4 Qe8 13. a4 f5 14. Ncxe5 fxe4 15.
Nxd7 exf3 16. Qe6+ Rf7 17. g4 Nf5 18. Qxe8+ Rxe8 19. Nc5 dxc5 20. d6 Nxd6 21.
Bxf7+ Kxf7 22. gxh5 Re2 23. hxg6+ hxg6 24. a5 Be5 25. Ra4 c4 26. Be3 b5 27.
axb6 axb6 28. Rb4 Rxe3 29. fxe3 b5 30. Rd1 c5 31. Rxd6 cxb4 32. Rd5 bxc3 33.
bxc3 Bxc3 34. Rxb5 Be1 35. Kf1 f2 36. Rc5 1/2-1/2

[Event "ch-Hessen_M"]
[Site "Marburg"]
[Date "2017.05.26"]
[Round "6"]
[White "Spitzl, Vinzent"]
[Black "Brendel, Oliver"]
[Result "1/2-1/2"]
[WhiteElo "2245"]
[BlackElo "2322"]
[PlyCount "70"]
[EventDate "2017.05.24"]
[EventType "swiss"]
[EventCountry "GER"]

1. e4 c5 2. Nf3 Nc6 3. d4 cxd4 4. Nxd4 g6 5. c4 Nf6 6. Nc3 Nxd4 7. Qxd4 d6 8.
Be2 Bg7 9. Be3 O-O 10. Qd2 Be6 11. O-O Qa5 12. f3 Rfc8 13. Nd5 Qxd2 14. Bxd2
Nxd5 15. exd5 Bd7 16. Bc1 e6 17. Rd1 exd5 18. Rxd5 Be6 19. Rxd6 Be5 20. Rxe6
fxe6 21. Rb1 Rd8 22. g3 a5 23. b3 b6 24. Bg5 Rd7 25. Rd1 Rxd1+ 26. Bxd1 Ra7 27.
Kf1 Bd4 28. Bc2 Kg7 29. Ke2 Rd7 30. Be4 h6 31. Bc1 g5 32. h3 Be5 33. Be3 Bd4
34. Bc1 Be5 35. Be3 Bd4 1/2-1/2

[Event "ch-Hessen_M"]
[Site "Marburg"]
[Date "2017.05.27"]
[Round "7"]
[White "Brendel, Oliver"]
[Black "Alber, Horst"]
[Result "0-1"]
[WhiteElo "2322"]
[BlackElo "2297"]
[PlyCount "62"]
[EventDate "2017.05.24"]
[EventType "swiss"]
[EventCountry "GER"]

1. c4 e5 2. g3 Nc6 3. Nc3 f5 4. Nf3 e4 5. Nh4 g6 6. d3 exd3 7. Qxd3 d6 8. Nd5
Bg7 9. Bg2 Ne5 10. Qb3 c6 11. Nf4 Nf6 12. Nf3 Qe7 13. h4 Ne4 14. h5 g5 15. h6
Bf8 16. Nxe5 gxf4 17. Nxc6 bxc6 18. Bxf4 Be6 19. Rd1 Rd8 20. Qa4 Qd7 21. Bf3
Be7 22. Qc2 d5 23. Be5 Bf6 24. Bxf6 Nxf6 25. O-O O-O 26. Qd2 Qf7 27. c5 Qg6 28.
b4 Ng4 29. Bxg4 fxg4 30. a4 Rf6 31. b5 Qf5 0-1

[Event "ch-Hessen_M"]
[Site "Marburg"]
[Date "2017.05.27"]
[Round "7"]
[White "Chandler, Patrick"]
[Black "Bethke, Richard"]
[Result "1/2-1/2"]
[WhiteElo "2190"]
[BlackElo "2223"]
[PlyCount "125"]
[EventDate "2017.05.24"]
[EventType "swiss"]
[EventCountry "GER"]

1. d4 Nf6 2. c4 e6 3. Nf3 b6 4. e3 Bb7 5. Be2 Ne4 6. O-O d5 7. cxd5 exd5 8. Nc3
Nd6 9. Ne5 f6 10. Nd3 g6 11. Nf4 c6 12. Ne6 Qe7 13. Nxf8 Rxf8 14. b3 Ba6 15.
Ba3 f5 16. Rc1 Bxe2 17. Nxe2 g5 18. Rc2 Rf6 19. Ng3 Qf7 20. Qh5 Nb5 21. Qxf7+
Kxf7 22. Bc1 Kg6 23. a4 Nd6 24. f3 Re6 25. Ne2 Nb7 26. Bd2 Nd7 27. Nc1 a5 28.
Nd3 Rc8 29. b4 Nd6 30. bxa5 bxa5 31. Rb1 Nc4 32. Rb7 Nf6 33. Kf2 Rce8 34. Ne5+
Nxe5 35. dxe5 Rxe5 36. Rxc6 d4 37. Rb3 h5 38. Rbb6 dxe3+ 39. Bxe3 Rxe3 40.
Rxf6+ Kh7 41. Rh6+ Kg7 42. Rbg6+ Kf7 43. Rf6+ Kg7 44. Rhg6+ Kh7 45. Kg3 f4+ 46.
Kh3 g4+ 47. Kh4 gxf3 48. gxf3 R8e5 49. Rh6+ Kg7 50. Rfg6+ Kf7 51. Ra6 Re2 52.
Ra7+ Kg8 53. h3 R2e3 54. Rb6 Rf5 55. Rb8+ Rf8 56. Rb5 Rxf3 57. Rg5+ Kh8 58.
Raxa5 Ra3 59. Rg1 Rf7 60. Ra6 f3 61. Rh6+ Rh7 62. Ra6 Rf7 63. Rh6+ 1/2-1/2

[Event "ch-Hessen_M"]
[Site "Marburg"]
[Date "2017.05.27"]
[Round "7"]
[White "Dorst, Johannes"]
[Black "Dunsbach, Ralf"]
[Result "1/2-1/2"]
[WhiteElo "2198"]
[BlackElo "2189"]
[PlyCount "61"]
[EventDate "2017.05.24"]
[EventType "swiss"]
[EventCountry "GER"]

1. e4 e5 2. Nf3 Nc6 3. Bb5 a6 4. Bxc6 dxc6 5. O-O Bg4 6. h3 h5 7. d3 Qf6 8. Be3
Bxf3 9. Qxf3 Qxf3 10. gxf3 Bd6 11. Nc3 Ne7 12. Rfd1 O-O-O 13. Kf1 Ng6 14. Ke2
Bb4 15. Rg1 Rh7 16. Rg5 Be7 17. Rgg1 Bd6 18. Kd2 Nf8 19. Ne2 Ne6 20. c3 c5 21.
Kc2 Rhh8 22. a4 Rhf8 23. a5 Rg8 24. Rg2 g6 25. Rag1 Rd7 26. Rd1 Rgd8 27. Rgg1
c6 28. Nc1 Be7 29. Ne2 Bd6 30. Nc1 Be7 31. Ne2 1/2-1/2

[Event "ch-Hessen_M"]
[Site "Marburg"]
[Date "2017.05.27"]
[Round "7"]
[White "Kersten, Uwe"]
[Black "Spitzl, Vinzent"]
[Result "1/2-1/2"]
[WhiteElo "2269"]
[BlackElo "2245"]
[PlyCount "115"]
[EventDate "2017.05.24"]
[EventType "swiss"]
[EventCountry "GER"]

1. d4 d5 2. Bf4 Nf6 3. e3 c5 4. c3 Nc6 5. Nd2 e6 6. Ngf3 Bd6 7. Bg3 O-O 8. Bd3
b6 9. e4 dxe4 10. Nxe4 Nxe4 11. Bxe4 Bb7 12. dxc5 Bxc5 13. Qa4 Na5 14. Rd1 b5
15. Qc2 Qe7 16. b4 Bxb4 17. Bxb7 Nxb7 18. cxb4 Qxb4+ 19. Qd2 Qc4 20. Qe2 Qb4+
21. Rd2 Qb1+ 22. Qd1 Qe4+ 23. Qe2 Qb1+ 24. Rd1 Qb4+ 25. Nd2 Rac8 26. Qf3 Na5
27. O-O Qb2 28. Ne4 Nc4 29. Qb3 a5 30. Nd6 Qxb3 31. axb3 Nxd6 32. Bxd6 Rfd8 33.
Bc7 Rxd1 34. Rxd1 a4 35. bxa4 bxa4 36. Rd8+ Rxd8 37. Bxd8 a3 38. Ba5 e5 39. g4
f6 40. Kg2 Kf7 41. Kf3 a2 42. Bc3 Ke6 43. Ke4 g6 44. g5 f5+ 45. Kd3 Kd5 46. f3
Kd6 47. h4 Kd5 48. Ba1 Ke6 49. Kc4 e4 50. fxe4 fxe4 51. Kd4 Kf5 52. Ke3 Kg4 53.
Kxe4 Kxh4 54. Kf4 Kh5 55. Bg7 a1=Q 56. Bxa1 h6 57. Bf6 hxg5+ 58. Bxg5 1/2-1/2

[Event "ch-Hessen_M"]
[Site "Marburg"]
[Date "2017.05.27"]
[Round "7"]
[White "Krastev, Alexander"]
[Black "Nothnagel, Marian Can"]
[Result "1/2-1/2"]
[WhiteElo "2180"]
[BlackElo "2112"]
[PlyCount "39"]
[EventDate "2017.05.24"]
[EventType "swiss"]
[EventCountry "GER"]

1. e4 e5 2. Nc3 Nf6 3. f4 d5 4. fxe5 Nxe4 5. Nf3 Nc6 6. d3 Nxc3 7. bxc3 d4 8.
Bb2 Bg4 9. Be2 Bc5 10. Nxd4 Bxe2 11. Qxe2 Bxd4 12. cxd4 Nxd4 13. Qf2 c5 14. O-O
O-O 15. c3 Nc6 16. d4 Qd5 17. Rad1 Rad8 18. Ba3 Rd7 19. Rd3 Rfd8 20. Rf3
1/2-1/2

[Event "ch-Hessen_M"]
[Site "Marburg"]
[Date "2017.05.27"]
[Round "7"]
[White "Zude, Erik"]
[Black "Zude, Arno"]
[Result "1-0"]
[WhiteElo "2407"]
[BlackElo "2394"]
[PlyCount "89"]
[EventDate "2017.05.24"]
[EventType "swiss"]
[EventCountry "GER"]

1. c4 e5 2. g3 Nf6 3. Bg2 d5 4. cxd5 Nxd5 5. Nc3 Nb6 6. Nf3 Nc6 7. O-O Be7 8.
Rb1 Be6 9. b4 a6 10. a3 O-O 11. d3 Nd5 12. Ne4 Qc8 13. Qc2 f6 14. Bd2 Rd8 15.
Rfd1 Bf7 16. Nc5 Bf8 17. Rbc1 Nde7 18. Bc3 b6 19. Ne4 a5 20. b5 Na7 21. a4 c5
22. Nfd2 Nd5 23. Nc4 Qe6 24. Rf1 Nc8 25. f4 exf4 26. gxf4 Ra7 27. f5 Qe8 28.
Bb2 Nd6 29. Nexd6 Bxd6 30. Qd2 Re7 31. Rf2 Bc7 32. Kh1 Bf4 33. Rxf4 Rxe2 34.
Re4 Rxd2 35. Rxe8+ Rxe8 36. Nxd2 Re2 37. Nc4 Nf4 38. Bf1 Bxc4 39. Rxc4 Rf2 40.
Kg1 Nxd3 41. Bc1 Rf3 42. Bxd3 Rxd3 43. Bf4 Rd7 44. Re4 Kf7 45. Re6 1-0

[Event "ch-Hessen_M"]
[Site "Marburg"]
[Date "2017.05.27"]
[Round "8"]
[White "Alber, Horst"]
[Black "Krastev, Alexander"]
[Result "1/2-1/2"]
[WhiteElo "2297"]
[BlackElo "2180"]
[PlyCount "75"]
[EventDate "2017.05.24"]
[EventType "swiss"]
[EventCountry "GER"]

1. d4 Nf6 2. c4 c5 3. d5 g6 4. Nc3 Bg7 5. e4 d6 6. Bd3 O-O 7. Nge2 e6 8. O-O
Na6 9. Ng3 Nc7 10. h3 Rb8 11. dxe6 Bxe6 12. f4 Re8 13. f5 Bd7 14. Bg5 h6 15.
Bf4 Bc6 16. Bc2 Bf8 17. fxg6 fxg6 18. Nd5 Ne6 19. Bg5 Nxg5 20. Nxf6+ Kh8 21.
Nxe8 Qxe8 22. Qg4 Bg7 23. Rad1 Be5 24. Ne2 b5 25. cxb5 Rxb5 26. Ba4 Rxb2 27.
Bxc6 Qxc6 28. h4 Qxe4 29. Nf4 Nh3+ 30. Qxh3 Bxf4 31. Qc8+ Kg7 32. Qc7+ Kg8 33.
Qd8+ Kg7 34. Qd7+ Kg8 35. Qd8+ Kg7 36. Qc7+ Kg8 37. Qc8+ Kg7 38. Qc7+ 1/2-1/2

[Event "ch-Hessen_M"]
[Site "Marburg"]
[Date "2017.05.27"]
[Round "8"]
[White "Bethke, Richard"]
[Black "Dunsbach, Ralf"]
[Result "1-0"]
[WhiteElo "2223"]
[BlackElo "2189"]
[PlyCount "45"]
[EventDate "2017.05.24"]
[EventType "swiss"]
[EventCountry "GER"]

1. e4 e5 2. Nf3 Nc6 3. Bc4 Nf6 4. d3 Be7 5. O-O O-O 6. Re1 d6 7. a4 Na5 8. Ba2
c5 9. c3 Nc6 10. Na3 h6 11. Nc2 Re8 12. d4 exd4 13. cxd4 Bf8 14. Qd3 Rxe4 15.
Rxe4 Bf5 16. Bxf7+ Kh8 17. Ng5 Nxe4 18. Be6 Bxe6 19. Nxe6 Qh4 20. f3 Nf6 21.
Nf4 Kg8 22. g3 Qg5 23. Qb3+ 1-0

[Event "ch-Hessen_M"]
[Site "Marburg"]
[Date "2017.05.27"]
[Round "8"]
[White "Brendel, Oliver"]
[Black "Zude, Erik"]
[Result "1/2-1/2"]
[WhiteElo "2322"]
[BlackElo "2407"]
[PlyCount "74"]
[EventDate "2017.05.24"]
[EventType "swiss"]
[EventCountry "GER"]

1. c4 g6 2. g3 Bg7 3. Bg2 c5 4. Nf3 Nc6 5. Nc3 d6 6. a3 e6 7. b4 Nge7 8. Rb1
O-O 9. h4 b6 10. h5 Bb7 11. hxg6 hxg6 12. bxc5 dxc5 13. Ne4 Qd7 14. d3 f5 15.
Neg5 Nd4 16. Bb2 Rad8 17. Bxd4 cxd4 18. Kd2 Bxf3 19. Bxf3 e5 20. Rh7 Bf6 21.
Bd5+ Nxd5 22. Rxd7 Bxg5+ 23. Ke1 Nc3 24. Rxd8 Rxd8 25. Qb3 Nxb1 26. Qxb1 Be7
27. a4 Bc5 28. Qb5 a5 29. Qc6 Rd6 30. Qc7 Re6 31. g4 e4 32. Kf1 exd3 33. exd3
fxg4 34. Qd7 Rf6 35. Kg2 Rf5 36. Kg3 Rh5 37. Kxg4 Rf5 1/2-1/2

[Event "ch-Hessen_M"]
[Site "Marburg"]
[Date "2017.05.27"]
[Round "8"]
[White "Chandler, Patrick"]
[Black "Kersten, Uwe"]
[Result "1-0"]
[WhiteElo "2190"]
[BlackElo "2269"]
[PlyCount "69"]
[EventDate "2017.05.24"]
[EventType "swiss"]
[EventCountry "GER"]

1. d4 Nf6 2. Nf3 c5 3. c4 cxd4 4. Nxd4 a6 5. Nc3 e6 6. e3 b6 7. Be2 Bb7 8. Bf3
Ra7 9. Bxb7 Rxb7 10. Nde2 b5 11. cxb5 axb5 12. O-O b4 13. Nb1 d5 14. a4 bxa3
15. Nxa3 Be7 16. Nd4 Qd7 17. Nac2 O-O 18. b4 Rc8 19. Bd2 Ne4 20. Rb1 e5 21. Ne2
Qb5 22. Be1 Ra7 23. f3 Nf6 24. Nc3 Qc4 25. Rf2 Nbd7 26. g4 Nb6 27. g5 Ne8 28.
Rg2 Nd6 29. Rg4 Qc6 30. b5 Qd7 31. Nb4 Nxb5 32. Ncxd5 Bxb4 33. Nxb6 Qxd1 34.
Rxd1 Bxe1 35. Nxc8 1-0

[Event "ch-Hessen_M"]
[Site "Marburg"]
[Date "2017.05.27"]
[Round "8"]
[White "Nothnagel, Marian Can"]
[Black "Dorst, Johannes"]
[Result "1-0"]
[WhiteElo "2112"]
[BlackElo "2198"]
[PlyCount "175"]
[EventDate "2017.05.24"]
[EventType "swiss"]
[EventCountry "GER"]

1. e4 c5 2. Nf3 e6 3. d3 Nc6 4. g3 g6 5. Bg2 Bg7 6. O-O Nge7 7. c3 d5 8. Nbd2
O-O 9. Re1 b6 10. Qe2 Ba6 11. e5 Qc7 12. Nf1 Rab8 13. h4 b5 14. Bf4 b4 15. N1h2
bxc3 16. bxc3 Qa5 17. Rac1 d4 18. c4 Qa3 19. Rc2 Rb6 20. Ng4 Kh8 21. Ng5 Ng8
22. h5 Nce7 23. h6 Nxh6 24. Nxh6 Bxh6 25. Nxe6 fxe6 26. Bxh6 Rfb8 27. Bg5 Nf5
28. Be4 Ng7 29. Kg2 Bb7 30. Rh1 Qa4 31. Bxb7 R8xb7 32. Bf6 Qc6+ 33. f3 Kg8 34.
g4 Ne8 35. Bg5 a5 36. Kg3 a4 37. Bc1 Rb1 38. Rh2 Ng7 39. Qd2 Rf7 40. Rf2 Qc7
41. Qe2 Ne8 42. Kg2 Qc6 43. Rf1 Ng7 44. Kg3 a3 45. Bxa3 Rxf1 46. Qxf1 h5 47.
Rf2 Qc7 48. Qe2 Qa5 49. Bc1 Qa8 50. Qe4 Qe8 51. Bg5 hxg4 52. fxg4 Rxf2 53. Kxf2
Qa4 54. Qe2 Qa8 55. Kg1 Qa3 56. Qd2 Qa8 57. Qe2 Qa3 58. Kh2 Kh7 59. Kg3 Kg8 60.
Be7 Kh7 61. Qd2 Kg8 62. Bd6 Ne8 63. Kf4 Qa7 64. Qh2 Qf7+ 65. Kg5 Qf3 66. Qf4
Qxd3 67. Qf8+ Kh7 68. Qxe8 Qe3+ 69. Kf6 Qf4+ 70. Kxe6 Qxg4+ 71. Kd5 Qf3+ 72.
Kxc5 d3 73. Qe7+ Kg8 74. Qd8+ Kh7 75. Qh4+ Kg8 76. Qd4 Qf5 77. Kb4 Qf1 78. Qd5+
Kg7 79. e6 Qe1+ 80. Kb5 d2 81. Be5+ Kh7 82. Qd7+ Kh6 83. Bf4+ g5 84. Bxd2 Qe5+
85. Ka6 Qh8 86. e7 Qa8+ 87. Kb6 Qxa2 88. Qe6+ 1-0

[Event "ch-Hessen_M"]
[Site "Marburg"]
[Date "2017.05.27"]
[Round "8"]
[White "Zude, Arno"]
[Black "Spitzl, Vinzent"]
[Result "1-0"]
[WhiteElo "2394"]
[BlackElo "2245"]
[PlyCount "61"]
[EventDate "2017.05.24"]
[EventType "swiss"]
[EventCountry "GER"]

1. e4 c5 2. Nf3 d6 3. d4 cxd4 4. Nxd4 Nf6 5. Nc3 a6 6. Nb3 Nc6 7. Bg5 e6 8. Qd2
h6 9. Bf4 e5 10. Be3 Be7 11. f3 Be6 12. Nd5 Bxd5 13. exd5 Nb8 14. c4 b6 15. Bd3
Nbd7 16. O-O O-O 17. Bf5 Qc7 18. Rac1 a5 19. Qe2 Nc5 20. Nd2 g6 21. Bb1 Kg7 22.
f4 exf4 23. Rxf4 Nh5 24. Bd4+ Bf6 25. Rxf6 Nxf6 26. Rf1 Ncd7 27. Rxf6 Nxf6 28.
Qf2 Kh7 29. Qxf6 Rg8 30. Ne4 Rae8 31. Qh8+ 1-0

[Event "ch-Hessen_M"]
[Site "Marburg"]
[Date "2017.05.28"]
[Round "9"]
[White "Dorst, Johannes"]
[Black "Brendel, Oliver"]
[Result "0-1"]
[WhiteElo "2198"]
[BlackElo "2322"]
[PlyCount "70"]
[EventDate "2017.05.24"]
[EventType "swiss"]
[EventCountry "GER"]

1. e4 c6 2. d4 d5 3. Nc3 g6 4. Be3 Bg7 5. Qd2 dxe4 6. Nxe4 Nd7 7. Nf3 Ngf6 8.
Nc3 O-O 9. Bc4 Nb6 10. Bb3 Nbd5 11. Nxd5 cxd5 12. Bh6 Bf5 13. Bxg7 Kxg7 14. O-O
Qd6 15. Qe2 Bg4 16. h3 Bxf3 17. Qxf3 b5 18. Rfe1 a5 19. a4 b4 20. Qe2 e6 21.
Rad1 Ne4 22. f3 Ng3 23. Qe5+ Qxe5 24. Rxe5 h5 25. Kf2 h4 26. Ree1 Rfc8 27. Ke3
Rc7 28. Kd3 Rb8 29. Rd2 Nf5 30. Rc1 Kf6 31. c4 bxc3 32. Rxc3 Rxc3+ 33. Kxc3 Rb4
34. f4 Nd6 35. Rd3 Ne4+ 0-1

[Event "ch-Hessen_M"]
[Site "Marburg"]
[Date "2017.05.28"]
[Round "9"]
[White "Spitzl, Vinzent"]
[Black "Chandler, Patrick"]
[Result "1-0"]
[WhiteElo "2245"]
[BlackElo "2190"]
[PlyCount "79"]
[EventDate "2017.05.24"]
[EventType "swiss"]
[EventCountry "GER"]

1. e4 c5 2. Nf3 e6 3. d4 cxd4 4. Nxd4 a6 5. Bd3 Bc5 6. Nb3 Ba7 7. O-O Nc6 8.
Qe2 Nge7 9. c4 Ng6 10. Be3 e5 11. Bxa7 Rxa7 12. Nc3 d6 13. Nd5 Be6 14. Qe3 Ra8
15. Nb6 Rb8 16. Rfd1 Qh4 17. Bf1 Rd8 18. Rd2 O-O 19. Rad1 Qe7 20. Nd5 Bxd5 21.
exd5 Nb8 22. Qb6 Nd7 23. Qxb7 Rb8 24. Qa7 a5 25. Qxa5 Ra8 26. Qc3 Rxa2 27. c5
dxc5 28. d6 Qg5 29. Nxc5 Ra7 30. Nxd7 Rxd7 31. Bb5 Rdd8 32. Bc6 f5 33. b4 e4
34. b5 Nh4 35. Qg3 Qf6 36. Qb3+ Kh8 37. d7 Qg5 38. Qg3 Qf6 39. Rd6 Qe7 40. Qe3
1-0